| 000 | 00594nam a22002057i 4500 | ||
|---|---|---|---|
| 003 | URS | ||
| 336 |
_atext _btxt _2rdacontent |
||
| 337 |
_aunmediated _bn _2rdamedia |
||
| 338 |
_avolume _bnc _2rdacarrier |
||
| 005 | 20220117095007.0 | ||
| 008 | 181204b ||||| |||| 00| 0 eng d | ||
| 040 |
_beng _erda _cURS |
||
| 050 | 0 | 0 |
_aHJ 2961 _bB2245 2015 |
| 245 | 1 | 0 |
_aBusiness and Transfer Taxation. _bLaws Priciples and Applications / _cRex B. Banggawan |
| 250 | _a2017 Edition | ||
| 264 | 1 |
_aManila: _bReal Excellence _c[2015] |
|
| 264 | 4 | _c©2015 | |
| 300 |
_a646 pages _c23 cm |
||
| 942 |
_2lcc _cF |
||
| 999 |
_c12026 _d12026 |
||